00711nam a2200169 a 450000100100000000500170001000800410002704000250006808200200009311101020011324500490021524600460026426000630031030000200037365000660039365000820045900001418920200929163519.0091207s1988 dr 000 0 spa d aDO-SdBNPbspacBNPHU a338.4791bC749p1 aCongreso Nacional de Turismo Internon(1 :d1988 ene. 15-17 :cJarabacoa, República Dominicana)10aPrimer Congreso nacional de turismo interno.1 a1er. Congreso Nacional de Turismo Interno aSanto Domingo :bSecretaría de Estado de Turismo,c1988. a83 p. ;c27 cm. 4aTurismoxCongresos, conferencias, etczRepública Dominicana 4aPromoción de turismoxCongresos, fonferencias, etc.zRepública Dominicana